[Event "ENG-ch Schools"]
[Site "Nottingham"]
[Date "2025.06.25"]
[Round "3.1"]
[White "Han, Yichen"]
[Black "Thatte, Nishchal"]
[Result "1-0"]
[WhiteElo "2495"]
[BlackElo "2189"]
[PlyCount "73"]
[EventDate "2025.06.25"]
[EventType "team-swiss"]
[EventRounds "6"]
[EventCountry "ENG"]
[SourceTitle "CB27_2025"]
[SourceDate "2025.07.02"]
[SourceVersion "1"]
[SourceVersionDate "2025.07.02"]
[SourceQuality "1"]
[WhiteTeam "Magdalen College"]
[BlackTeam "Queen Elizabeth"]
[WhiteTeamCountry "ENG"]
[BlackTeamCountry "ENG"]

1. d4 Nf6 2. Nf3 d5 3. c4 e6 4. Bg5 a6 5. cxd5 exd5 6. Nc3 c6 7. e3 Bd6 8. Qc2 h6 9. Bxf6 gxf6 10. Bd3 Rg8 11. g3 Be6 12. Nh4 Nd7 13. Nf5 Bf8 14. Rb1 Nb6 15. 0-0 Qc7 16. a4 h5 17. b4 Bxf5 18. Bxf5 Bd6 19. f4 Nc4 20. Qe2 Kf8 21. Rfe1 Re8 22. Qf2 b5 23. Kh1 Rh8 24. h4 a5 25. bxa5 Qxa5 26. Nd1 bxa4 27. Bd7 Re7 28. Bxc6 a3 29. Re2 Kg7 30. Qg2 Rb8 31. Rxb8 Bxb8 32. g4 Nb2 33. gxh5+ Kh7 34. h6 Kxh6 35. Qg8 a2 36. h5 a1Q 37. Qh8# 1-0

[Event "BCF-chT2 2223 (4NCL)"]
[Site "England"]
[Date "2023.03.19"]
[Round "8.16"]
[White "Thatte, Nishchal"]
[Black "Blake, J Morgan"]
[Result "0-1"]
[WhiteElo "2101"]
[BlackElo "2130"]
[PlyCount "88"]
[EventDate "2022.10.22"]
[EventType "team-tourn"]
[EventRounds "11"]
[EventCountry "ENG"]
[SourceTitle "EXT 2024"]
[Source "ChessBase"]
[SourceDate "2023.10.10"]
[SourceVersion "1"]
[SourceVersionDate "2023.10.10"]
[SourceQuality "1"]
[WhiteTeam "Barnet Knights"]
[BlackTeam "Sussex Martlets"]
[WhiteTeamCountry "ENG"]
[BlackTeamCountry "ENG"]

1. d4 d6 2. Nf3 Nf6 3. g3 Nbd7 4. Bg2 e5 5. c4 Be7 6. Nc3 0-0 7. 0-0 c6 8. e4 a6 9. a4 b6 10. Nh4 g6 11. Be3 Bb7 12. Qe2 Re8 13. Rad1 Qb8 14. Rfe1 Bf8 15. f4 exd4 16. Bxd4 d5 17. cxd5 cxd5 18. e5 Nc5 19. b4 Nb3 20. Bxb6 d4 21. Bxd4 Bxg2 22. Kxg2 Qxb4 23. Qe3 Rac8 24. Rb1 Ng4 25. Qg1 Rxc3 26. Bxc3 Qxc3 27. Re2 Nd4 28. Reb2 Bc5 29. Qe1 Qd3 30. h3 Ne3+ 31. Kh2 Nef5 32. Rd2 Qc4 33. Qe4 Nxh4 34. gxh4 Qc3 35. Rf2 Nf5 36. Qf3 Qd4 37. Rc2 Nxh4 38. Qc6 Qxf4+ 39. Kh1 Rxe5 40. Rd1 Qg3 41. Qc8+ Kg7 42. Qg4 Re1+ 43. Rxe1 Qxe1+ 44. Kh2 Bd6+ 0-1

[Event "World Cup U14 Prel"]
[Site "Tornelo INT"]
[Date "2021.08.11"]
[Round "5"]
[White "Brozynski, Patryk"]
[Black "Thatte, Nishchal"]
[Result "0-1"]
[WhiteElo "1547"]
[BlackElo "1873"]
[PlyCount "80"]
[EventDate "2021.08.11"]
[EventType "swiss (rapid)"]
[EventRounds "10"]
[EventCountry "NET"]
[SourceTitle "EXT 2025"]
[Source "ChessBase"]
[SourceDate "2024.10.14"]
[SourceVersion "1"]
[SourceVersionDate "2024.10.14"]
[SourceQuality "1"]

1. e4 e6 2. d4 d5 3. e5 c5 4. c3 Nc6 5. Nf3 Qb6 6. a3 c4 7. Be2 Bd7 8. Nbd2 Na5 9. 0-0 h6 10. Rb1 Ne7 11. Qe1 Nc8 12. Bd1 Qc7 13. Qe3 Nb6 14. Ne1 0-0-0 15. f4 Be7 16. Bc2 g6 17. Nef3 Ba4 18. Bxa4 Nxa4 19. Qe2 Rdg8 20. Qd1 Qc6 21. Qc2 Rg7 22. Rf2 g5 23. f5 exf5 24. Qxf5+ Qe6 25. Qc2 Qd7 26. b3 cxb3 27. Nxb3 Nc4 28. Nbd2 Nab6 29. Nxc4 Nxc4 30. Nd2 Qc6 31. Nxc4 Qxc4 32. Qf5+ Kb8 33. e6 f6 34. Rfb2 Bd8 35. Rb3 Qe2 36. Qf1 Qxf1+ 37. Kxf1 Re8 38. e7 Rgxe7 39. R3b2 Ba5 40. Bd2 Rc7 0-1

[Event "World Cup U14 Prel"]
[Site "Tornelo INT"]
[Date "2021.08.11"]
[Round "9"]
[White "Mamedov, Edgar"]
[Black "Thatte, Nishchal"]
[Result "1-0"]
[WhiteElo "2168"]
[BlackElo "1873"]
[PlyCount "89"]
[EventDate "2021.08.11"]
[EventType "swiss (rapid)"]
[EventRounds "10"]
[EventCountry "NET"]
[SourceTitle "EXT 2025"]
[Source "ChessBase"]
[SourceDate "2024.10.14"]
[SourceVersion "1"]
[SourceVersionDate "2024.10.14"]
[SourceQuality "1"]

1. d4 Nf6 2. c4 e6 3. Nf3 b6 4. g3 Bb7 5. Bg2 Be7 6. 0-0 0-0 7. Re1 d6 8. Nc3 Ne4 9. Qc2 Nxc3 10. Ng5 Bxg5 11. Bxb7 Bxc1 12. Rexc1 Nd7 13. Bxa8 Nxe2+ 14. Qxe2 Qxa8 15. Rc3 Nf6 16. Rd1 Re8 17. b4 c5 18. dxc5 bxc5 19. bxc5 dxc5 20. Rcd3 h6 21. Qe5 Rc8 22. Qd6 Qe4 23. Qa6 Rc7 24. Qa5 Rc8 25. Rd8+ Rxd8 26. Qxd8+ Kh7 27. Qd3 a6 28. Qxe4+ Nxe4 29. Rd3 Kg6 30. Ra3 Nd2 31. Rxa6 Kf5 32. Rc6 Ke4 33. Rxc5 Kd4 34. Rc7 Nxc4 35. Rxf7 g6 36. Rf6 Ne5 37. Rxe6 Kd5 38. Rf6 Ke4 39. a4 Kd5 40. a5 Kc5 41. a6 Nd7 42. Rxg6 Nb6 43. a7 Na8 44. Rg8 Nb6 45. a8Q 1-0

[Event "World Cup U14 Prel"]
[Site "Tornelo INT"]
[Date "2021.08.11"]
[Round "8"]
[White "Thatte, Nishchal"]
[Black "Lwanga, Odongo"]
[Result "1-0"]
[WhiteElo "1873"]
[BlackElo "1269"]
[PlyCount "59"]
[EventDate "2021.08.11"]
[EventType "swiss (rapid)"]
[EventRounds "10"]
[EventCountry "NET"]
[SourceTitle "EXT 2025"]
[Source "ChessBase"]
[SourceDate "2024.10.14"]
[SourceVersion "1"]
[SourceVersionDate "2024.10.14"]
[SourceQuality "1"]

1. d4 d5 2. c4 e6 3. Nf3 Nf6 4. g3 Nbd7 5. Bg2 c6 6. 0-0 Bd6 7. Nfd2 0-0 8. Nc3 Be7 9. e4 dxe4 10. Ndxe4 Nxe4 11. Nxe4 e5 12. d5 f5 13. Nc3 e4 14. Be3 Ne5 15. Qe2 Bd7 16. Rad1 Re8 17. h3 Bg5 18. Bd4 Bf6 19. b3 Nd3 20. Bxf6 Qxf6 21. Qc2 Rad8 22. a3 Qe5 23. Kh2 cxd5 24. Nxd5 Bc6 25. Nb4 Nxb4 26. axb4 Rxd1 27. Rxd1 a6 28. Qd2 h6 29. h4 Re6 30. Qd8+ 1-0

[Event "EU-ch Online U12"]
[Site "Tornelo INT"]
[Date "2020.09.20"]
[Round "9"]
[White "Thatte, Nishchal"]
[Black "Dotzer, Lukas"]
[Result "1-0"]
[WhiteElo "1828"]
[BlackElo "1408"]
[PlyCount "111"]
[EventDate "2020.09.18"]
[EventType "swiss (rapid)"]
[EventRounds "9"]
[EventCountry "ENG"]
[SourceTitle "EXT 2023"]
[Source "ChessBase"]
[SourceDate "2022.10.05"]
[SourceVersion "1"]
[SourceVersionDate "2022.10.05"]
[SourceQuality "1"]
[WhiteTeam "England"]
[BlackTeam "Austria"]
[WhiteTeamCountry "ENG"]
[BlackTeamCountry "AUT"]

1. e4 e5 2. Nf3 Nc6 3. Bb5 a6 4. Ba4 Nf6 5. 0-0 Nxe4 6. d4 b5 7. Bb3 d5 8. dxe5 Be6 9. c3 Be7 10. Be3 0-0 11. Nbd2 Nc5 12. Bc2 Bg4 13. h3 Bh5 14. Bxh7+ Kh8 15. g4 Kxh7 16. gxh5 Ne6 17. Qc2+ Kh8 18. Kh1 d4 19. cxd4 Ncxd4 20. Nxd4 Nxd4 21. Qe4 Ne6 22. f4 Bc5 23. f5 Bxe3 24. Qxe3 Qd5+ 25. Nf3 Nd8 26. h6 g6 27. Qg5 Rg8 28. Kh2 Qc6 29. Rac1 Qb6 30. e6 Qd6+ 31. Kh1 gxf5 32. Qf6+ Kh7 33. Ng5+ Rxg5 34. Qxg5 Qd5+ 35. Kg1 Nxe6 36. Qxf5+ Qxf5 37. Rxf5 Rg8+ 38. Kf2 Rf8 39. Rf6 c5 40. h4 c4 41. Re1 Nc5 42. Re7 Nd3+ 43. Ke3 Nxb2 44. Rfxf7+ Rxf7 45. Rxf7+ Kxh6 46. Rf6+ Kh5 47. Rxa6 b4 48. Kd2 b3 49. a3 Nd3 50. Kc3 Kxh4 51. Kxc4 Nc1 52. Rb6 Kg4 53. a4 Kf4 54. a5 Ne2 55. a6 Ke4 56. a7 1-0

[Event "EU-ch Online U12"]
[Site "Tornelo INT"]
[Date "2020.09.19"]
[Round "4"]
[White "Brozynski, Patryk"]
[Black "Thatte, Nishchal"]
[Result "1-0"]
[WhiteElo "1584"]
[BlackElo "1828"]
[PlyCount "75"]
[EventDate "2020.09.18"]
[EventType "swiss (rapid)"]
[EventRounds "9"]
[EventCountry "ENG"]
[SourceTitle "EXT 2023"]
[Source "ChessBase"]
[SourceDate "2022.10.05"]
[SourceVersion "1"]
[SourceVersionDate "2022.10.05"]
[SourceQuality "1"]
[WhiteTeam "Irland"]
[BlackTeam "England"]
[WhiteTeamCountry "IRL"]
[BlackTeamCountry "ENG"]

1. e4 e5 2. Nf3 Nc6 3. Bb5 a6 4. Ba4 Nf6 5. c3 Be7 6. 0-0 0-0 7. Re1 b5 8. Bc2 d5 9. exd5 Nxd5 10. d3 Bb7 11. Nbd2 Nf4 12. Nf1 Qd7 13. Ng3 Rad8 14. d4 Rfe8 15. Bxf4 exf4 16. Qd3 g6 17. Ne4 b4 18. Rad1 Kg7 19. Ba4 Qc8 20. d5 Rg8 21. Qc4 Na5 22. Qd4+ f6 23. Neg5 Rge8 24. Bxe8 Rxe8 25. Ne6+ Kh8 26. Qxf4 bxc3 27. bxc3 Qd7 28. Qxc7 Qa4 29. Rd4 Qxa2 30. Qd7 Rg8 31. Qxe7 h6 32. Qxf6+ Kh7 33. Qf7+ Kh8 34. Rh4 h5 35. Qf6+ Kh7 36. Neg5+ Kh6 37. Nf7+ Kh7 38. N3g5# 1-0

[Event "EU-ch Online U12"]
[Site "Tornelo INT"]
[Date "2020.09.19"]
[Round "5"]
[White "Thatte, Nishchal"]
[Black "Fizer, Marek"]
[Result "0-1"]
[WhiteElo "1828"]
[BlackElo "1464"]
[PlyCount "90"]
[EventDate "2020.09.18"]
[EventType "swiss (rapid)"]
[EventRounds "9"]
[EventCountry "ENG"]
[SourceTitle "EXT 2023"]
[Source "ChessBase"]
[SourceDate "2022.10.05"]
[SourceVersion "1"]
[SourceVersionDate "2022.10.05"]
[SourceQuality "1"]
[WhiteTeam "England"]
[BlackTeam "Czech Republic"]
[WhiteTeamCountry "ENG"]
[BlackTeamCountry "CZE"]

1. e4 c5 2. c3 d5 3. exd5 Qxd5 4. d4 g6 5. Nf3 Bg7 6. dxc5 Qxd1+ 7. Kxd1 Nc6 8. h3 Bf5 9. Be3 0-0-0+ 10. Nbd2 Nf6 11. Bb5 Nd5 12. g4 Be4 13. Ke1 Nxe3 14. fxe3 Rxd2 15. Kxd2 Bxf3 16. Rhf1 Rd8+ 17. Kc2 Be4+ 18. Kb3 Rd2 19. Rf4 Bc2+ 20. Ka3 Ne5 21. Rd4 Bd3 22. Kb3 a6 23. Ba4 Nc6 24. Bxc6 Bc2+ 25. Kc4 Bxd4 26. cxd4 bxc6 27. Kc3 Rh2 28. b4 Be4 29. a4 Rxh3 30. Kd2 Rh2+ 31. Kc3 Rc2+ 32. Kb3 Re2 33. b5 Rxe3+ 34. Kb4 Kb7 35. Rf1 Bd5 36. b6 Rd3 37. Ka5 Rxd4 38. Re1 e6 39. Rf1 e5 40. Re1 Bb3 41. Ra1 e4 42. g5 e3 43. Ra2 Rxa4+ 44. Rxa4 Bxa4 45. Kxa4 e2 0-1

[Event "Hastings Masters op 95th"]
[Site "Hastings"]
[Date "2020.01.04"]
[Round "8"]
[White "Thatte, Nishchal"]
[Black "Burrows, Nick"]
[Result "0-1"]
[WhiteElo "1723"]
[BlackElo "1952"]
[PlyCount "132"]
[EventDate "2019.12.28"]
[EventType "swiss"]
[EventRounds "9"]
[EventCountry "ENG"]
[SourceTitle "CBM 194 Extra"]
[Source "ChessBase"]
[SourceDate "2020.03.31"]
[SourceVersion "1"]
[SourceVersionDate "2020.03.31"]
[SourceQuality "1"]

1. e4 e6 2. d4 d5 3. Nd2 Nf6 4. e5 Nfd7 5. Bd3 c5 6. c3 Nc6 7. Ne2 cxd4 8. cxd4 f6 9. exf6 Nxf6 10. Nf3 Bd6 11. 0-0 0-0 12. Bf4 Nh5 13. Bxd6 Qxd6 14. Qc2 h6 15. Qd2 Bd7 16. Rac1 Rxf3 17. gxf3 Rf8 18. Qe3 Nf4 19. Nxf4 Rxf4 20. Rfd1 Rh4 21. a3 Qxh2+ 22. Kf1 Nxd4 23. Ke1 Qf4 24. Qxf4 Rxf4 25. Rc7 Nxf3+ 26. Ke2 Bc6 27. Bg6 Rf8 28. Re7 e5 29. Rh1 e4 30. Rh5 a6 31. Rh1 Nd4+ 32. Ke3 Nf5+ 33. Bxf5 Rxf5 34. Rg1 Rf7 35. Rxf7 Kxf7 36. Kd4 Kf6 37. Rh1 Kf5 38. Rh4 Kg5 39. Rh1 Kf5 40. Ke3 Ke5 41. Rh5+ Kf6 42. Rh2 Kf7 43. Kd4 Kg8 44. a4 Kh7 45. b4 g5 46. Kc5 Bxa4 47. Kxd5 Bc6+ 48. Ke5 Kg6 49. Rh3 h5 50. b5 Bxb5 51. Kxe4 g4 52. Rc3 h4 53. Kf4 Be2 54. Rc8 Bf3 55. Rg8+ Kf6 56. Rf8+ Ke6 57. Re8+ Kd5 58. Ke3 h3 59. Rh8 Kc4 60. Kd2 Kb3 61. Kc1 Be4 62. f3 Bxf3 63. Kb1 a5 64. Ka1 Kc2 65. Rd8 h2 66. Rd5 h1Q+ 0-1

[Event "Hastings Masters op 95th"]
[Site "Hastings"]
[Date "2020.01.02"]
[Round "6"]
[White "Thatte, Nishchal"]
[Black "Sucikova, Svetlana"]
[Result "0-1"]
[WhiteElo "1723"]
[BlackElo "2160"]
[PlyCount "138"]
[EventDate "2019.12.28"]
[EventType "swiss"]
[EventRounds "9"]
[EventCountry "ENG"]
[SourceTitle "CBM 194 Extra"]
[Source "ChessBase"]
[SourceDate "2020.03.31"]
[SourceVersion "1"]
[SourceVersionDate "2020.03.31"]
[SourceQuality "1"]

1. e4 g6 2. d4 Bg7 3. Nc3 d6 4. f4 a6 5. a4 Nc6 6. Be3 Nf6 7. Nf3 0-0 8. Qd2 Ng4 9. Bg1 e5 10. d5 Nb8 11. h3 Nf6 12. fxe5 dxe5 13. Be3 Nh5 14. Bh6 Qd6 15. Bc4 Qb4 16. Bxg7 Kxg7 17. b3 Ng3 18. Rg1 Nh5 19. Nxe5 Re8 20. Qd4 f6 21. Nd3 Qd6 22. 0-0-0 Qa3+ 23. Kd2 Qd6 24. Qf2 Kh8 25. g4 Ng7 26. Rdf1 Nd7 27. h4 Rg8 28. h5 g5 29. Ne2 Ne8 30. Nd4 Ne5 31. Nf5 Nxd3 32. Bxd3 Qb4+ 33. Ke2 b5 34. Ra1 Bd7 35. axb5 Bxb5 36. Qd4 Bxd3+ 37. Qxd3 Nd6 38. Ra4 Qb6 39. Qe3 Qb5+ 40. Qd3 Qc5 41. Rga1 Nxf5 42. exf5 Rae8+ 43. Kd2 Re5 44. Rd4 Rge8 45. Rd1 Qa5+ 46. Kc1 Qa1+ 47. Kd2 Re2+ 48. Qxe2 Qxd4+ 49. Qd3 Qf4+ 50. Kc3 Re3 51. Qxe3 Qxe3+ 52. Rd3 Qc5+ 53. Kb2 Qb4 54. Rg3 Qf4 55. Rg2 Qe4 56. Rd2 Qxg4 57. d6 cxd6 58. Rxd6 Qxf5 59. Rxa6 Kg7 60. b4 g4 61. Ra5 Qf4 62. Kb3 g3 63. b5 g2 64. Ra1 Qf1 65. Rxf1 gxf1Q 66. c4 Qf2 67. Kb4 Qd4 68. Ka5 Qc3+ 69. Ka6 Qxc4 0-1

[Event "London Classic op 11th"]
[Site "London"]
[Date "2019.12.03"]
[Round "6"]
[White "Pellicoro, Nathalie"]
[Black "Thatte, Nishchal"]
[Result "1/2-1/2"]
[WhiteElo "1967"]
[BlackElo "1711"]
[PlyCount "150"]
[EventDate "2019.11.29"]
[EventType "swiss"]
[EventRounds "9"]
[EventCountry "ENG"]
[SourceTitle "CBM 193 Extra"]
[Source "ChessBase"]
[SourceDate "2020.01.31"]
[SourceVersion "1"]
[SourceVersionDate "2020.01.31"]
[SourceQuality "1"]

1. e4 e6 2. d4 d5 3. Nd2 c5 4. exd5 Qxd5 5. Ngf3 cxd4 6. Bc4 Qd7 7. 0-0 Nc6 8. Nb3 Nf6 9. Nbxd4 Nxd4 10. Nxd4 a6 11. Re1 b5 12. Bb3 Bc5 13. c3 Bb7 14. Bf4 Bxd4 15. cxd4 Bd5 16. Be5 Rc8 17. Bxf6 gxf6 18. Qh5 Rd8 19. Rac1 Bxb3 20. axb3 Qd5 21. Qxd5 Rxd5 22. Rc8+ Rd8 23. Rec1 Kd7 24. R1c7+ Kd6 25. Rxd8+ Rxd8 26. Rxf7 e5 27. Rxf6+ Ke7 28. Rxa6 Rxd4 29. Kf1 Kf7 30. Ke2 Rb4 31. Ra3 Kf6 32. Kd3 Kg5 33. Ra7 h6 34. Kc3 Re4 35. Rd7 Re2 36. Rd2 Re4 37. Kd3 Rb4 38. Kc2 Re4 39. f3 Re3 40. b4 Kf4 41. Rf2 Re1 42. Kd2 Rb1 43. g3+ Kf5 44. Ke3 Re1+ 45. Re2 Rc1 46. Rd2 Rc4 47. b3 Rxb4 48. Rd3 e4 49. Rc3 exf3 50. Kxf3 Rd4 51. Rc5+ Kf6 52. Rxb5 Rd2 53. h3 Rd3+ 54. Kg4 Rd4+ 55. Kh5 Rd3 56. Kh4 Rd4+ 57. g4 Rd3 58. b4 Rb3 59. Rb8 Kg7 60. b5 Kg6 61. b6 Kh7 62. b7 Kg7 63. g5 Rb4+ 64. Kh5 Rb5 65. h4 Kh7 66. Kg4 hxg5 67. hxg5 Kg7 68. g6 Rb4+ 69. Kf5 Rb5+ 70. Ke6 Rb6+ 71. Kd5 Rb1 72. Kc6 Rc1+ 73. Kd7 Rd1+ 74. Ke6 Re1+ 75. Kd7 Rd1+ 1/2-1/2

[Event "London Classic op 11th"]
[Site "London"]
[Date "2019.11.29"]
[Round "1"]
[White "Thatte, Nishchal"]
[Black "Pasztor, Balazs"]
[Result "0-1"]
[WhiteElo "1711"]
[BlackElo "2166"]
[PlyCount "54"]
[EventDate "2019.11.29"]
[EventType "swiss"]
[EventRounds "9"]
[EventCountry "ENG"]
[SourceTitle "CBM 193 Extra"]
[Source "ChessBase"]
[SourceDate "2020.01.31"]
[SourceVersion "1"]
[SourceVersionDate "2020.01.31"]
[SourceQuality "1"]

1. e4 e5 2. Nf3 Nc6 3. d4 exd4 4. Nxd4 Bc5 5. Nxc6 Qf6 6. Qf3 bxc6 7. Nd2 Qxf3 8. gxf3 Ne7 9. Nb3 Bb6 10. c4 c5 11. Rg1 0-0 12. Be3 d6 13. Bd3 f6 14. Ke2 Be6 15. f4 f5 16. f3 Ng6 17. Raf1 Rf7 18. h4 Nxh4 19. e5 Ng6 20. exd6 cxd6 21. Rd1 a5 22. Nd2 Bd8 23. Nb1 Bf6 24. Rd2 Re8 25. Na3 Bd7 26. Rh1 Bd4 27. Nc2 Rfe7 0-1

[Event "EU-chT U12"]
[Site "Pardubice"]
[Date "2019.07.16"]
[Round "6.4"]
[White "Piatrenka, Ivan"]
[Black "Thatte, Nishchal"]
[Result "1-0"]
[WhiteElo "1498"]
[BlackElo "1686"]
[PlyCount "153"]
[EventDate "2019.07.11"]
[EventType "team-swiss"]
[EventRounds "7"]
[EventCountry "CZE"]
[SourceTitle "EXT 2020"]
[Source "ChessBase"]
[SourceDate "2019.10.17"]
[SourceVersion "1"]
[SourceVersionDate "2019.10.17"]
[SourceQuality "1"]
[WhiteTeam "Belarus U12"]
[BlackTeam "England U12"]
[WhiteTeamCountry "BLR"]
[BlackTeamCountry "ENG"]

1. d4 d5 2. c4 e6 3. Nc3 c5 4. cxd5 exd5 5. Nf3 Nc6 6. g3 Nf6 7. Bg2 Be7 8. 0-0 0-0 9. Bg5 c4 10. Ne5 Be6 11. Bxf6 Bxf6 12. Nxc6 bxc6 13. Qd2 Qb6 14. Rfd1 Rab8 15. Rab1 Rfd8 16. b3 cxb3 17. Rxb3 Qa5 18. Rdb1 Qc7 19. Na4 Bf5 20. Rc1 Rxb3 21. axb3 Qd6 22. Nc5 Re8 23. e3 g6 24. Nd3 Bxd3 25. Qxd3 Rb8 26. Qc3 Rc8 27. Qc5 Be7 28. Qxd6 Bxd6 29. Bxd5 c5 30. b4 c4 31. Bxc4 Rc7 32. b5 Kf8 33. Kf1 Ke7 34. Ke2 f6 35. Rc2 Bb4 36. Bd3 Rxc2+ 37. Bxc2 Kd6 38. f3 Kd5 39. g4 Kc4 40. Bd3+ Kd5 41. Be4+ Ke6 42. Kd3 Bd6 43. h3 Bg3 44. Bb7 Kd6 45. Bc8 Kc7 46. Be6 Kd6 47. Bb3 Be1 48. f4 Bg3 49. Ke4 Bf2 50. Kf3 Bg1 51. h4 h6 52. Bf7 g5 53. fxg5 fxg5 54. h5 Ke7 55. Bb3 Kf6 56. Ke4 Bf2 57. Kd3 Ke7 58. e4 Bg3 59. e5 Kd7 60. Ke4 Bf2 61. d5 Bc5 62. d6 Bxd6 63. exd6 Kxd6 64. Kf5 Kd7 65. Kg6 Ke7 66. Kxh6 Kf6 67. Ba2 Ke5 68. Kxg5 Ke4 69. h6 Kf3 70. h7 Kg2 71. Kf4 Kf2 72. h8Q Ke2 73. Bc4+ Kd2 74. Qb2+ Kd1 75. Be2+ Ke1 76. Ke3 a5 77. Qa1# 1-0